[Event "PRO League Group Stage"]
[Site "chess.com INT"]
[Date "2018.02.24"]
[Round "7"]
[White "Gonzalez, Francisco Silva"]
[Black "Ravuri, Vinesh"]
[Result "0-1"]
[WhiteElo "2076"]
[BlackElo "1990"]
[WhiteTeam "Norway Gnomes"]
[BlackTeam "San Jose Hackers"]
[WhiteFideId "1512285"]
[BlackFideId "45042632"]
[EventDate "2018.01.18"]

1. d4 Nf6 2. c4 g6 3. Nc3 Bg7 4. e4 d6 5. f3 O-O 6. Be3 c5 7. Nge2 Nc6 8. d5 Ne5
9. Ng3 h5 10. Be2 h4 11. Nf1 e6 12. Nd2 h3 13. g3 exd5 14. cxd5 a6 15. O-O b5
16. Qc2 Rb8 17. a4 Bd7 18. Bg5 Qb6 19. axb5 axb5 20. Be3 Qc7 21. Ra6 b4 22. Nd1
Ra8 23. Rxa8 Rxa8 24. Nc4 Nxc4 25. Bxc4 Qb6 26. Qd3 Bc8 27. Nf2 Nd7 28. f4 Bxb2
29. Nxh3 Ra3 30. Qc2 Bg7 31. Bb3 Ba6 32. Re1 Qb5 33. e5 dxe5 34. Bc1 Ra1 35. Bd2
Rxe1+ 0-1

[Event "PRO League Group Stage"]
[Site "chess.com INT"]
[Date "2018.02.24"]
[Round "7"]
[White "Skuhala, Luka"]
[Black "Chen, Forest"]
[Result "1/2-1/2"]
[WhiteElo "2059"]
[BlackElo "2107"]
[WhiteTeam "Ljubljana Turtles"]
[BlackTeam "Saint Louis Arch Bishops"]
[WhiteFideId "14605678"]
[BlackFideId "30908205"]
[EventDate "2018.01.18"]

1. e4 c6 2. d4 d5 3. f3 dxe4 4. fxe4 e5 5. Nf3 Bg4 6. Bc4 Nd7 7. O-O Bh5 8. d5
Qb6+ 9. Kh1 Ngf6 10. Nc3 Qb4 11. Qe2 Bd6 12. a3 Qb6 13. Be3 Qc7 14. dxc6 bxc6
15. Rad1 O-O 16. h3 Rab8 17. b4 Rfd8 18. Qf2 Bg6 19. Nh4 a5 20. Nxg6 hxg6 21.
bxa5 Qxa5 22. Rxd6 Qxc3 23. Rxc6 Qxa3 24. Bb3 Qb4 25. Rc4 Qe7 26. g4 Nf8 27. Bc5
Qd7 28. Bb6 Rdc8 29. Rxc8 Qxc8 30. Ba7 Rb7 31. Be3 Ne6 32. Qg2 Re7 33. Ra1 Nf4
34. Bxf4 exf4 35. e5 Qc3 36. Ra8+ Ne8 37. Ba4 Qe1+ 38. Kh2 Qxe5 39. Kg1 Kh7 40.
Rxe8 Rxe8 41. Bxe8 Qxe8 42. Qf2 Qe4 43. Qh4+ Kg8 44. Qd8+ Kh7 45. Qh4+ Kg8 46.
Qd8+ Kh7 47. Qh4+ Kg8 48. Qd8+ 1/2-1/2

[Event "PRO League Group Stage"]
[Site "chess.com INT"]
[Date "2018.02.24"]
[Round "7"]
[White "Skuhala, Luka"]
[Black "Safin, Artur"]
[Result "0-1"]
[WhiteElo "2059"]
[BlackElo "2229"]
[WhiteTeam "Ljubljana Turtles"]
[BlackTeam "Dallas Destiny"]
[WhiteFideId "14605678"]
[BlackFideId "2041367"]
[EventDate "2018.01.18"]

1. e4 e6 2. d4 d5 3. Nc3 Bb4 4. e5 c5 5. a3 Bxc3+ 6. bxc3 Ne7 7. Qg4 O-O 8. Bd3
f5 9. exf6 Rxf6 10. Bg5 Rf7 11. Qh4 h6 12. Nf3 Nbc6 13. Bxe7 Qxe7 14. Qxe7 Rxe7
15. Bb5 e5 16. dxc5 Bg4 17. Bxc6 bxc6 18. Nd2 Rb8 19. Nb3 Bf5 20. Kd2 Reb7 21.
Na5 Rb2 22. Rhc1 Bd7 23. Kd1 R8b5 24. Nb3 Bf5 25. a4 Bxc2+ 26. Rxc2 R5xb3 27.
Kc1 Rxc2+ 28. Kxc2 Rb7 29. Re1 e4 30. Re3 Kf7 31. f3 Re7 32. c4 Kf6 33. cxd5
cxd5 34. Kc3 Ke5 35. f4+ Kxf4 36. Kd4 Rd7 37. Re1 Kf5 38. c6 Rd8 39. c7 Rc8 40.
Kxd5 Rxc7 41. Rf1+ Kg5 42. a5 e3 43. Ke4 e2 44. Re1 Re7+ 45. Kf3 Re5 46. a6 Re6
47. Rxe2 Rxa6 48. Re7 Kg6 49. Rb7 Ra3+ 50. Kf4 Kf6 51. h4 Ra2 52. g4 Ra4+ 53.
Kf3 Ra3+ 54. Kf4 g5+ 55. hxg5+ hxg5+ 56. Ke4 Ra4+ 57. Kf3 Ra5 58. Rc7 Ke5 59.
Rd7 Ra3+ 60. Kg2 a6 61. Kf2 Ke4 62. Rf7 Ra5 63. Kg3 Re5 64. Ra7 a5 65. Ra6 Kd4
66. Kf3 Kc4 67. Rb6 a4 68. Rf6 a3 69. Rf5 Rxf5+ 70. gxf5 a2 71. f6 a1=Q 72. f7
Qf1+ 73. Kg3 Qxf7 0-1

[Event "PRO League Group Stage"]
[Site "chess.com INT"]
[Date "2018.02.24"]
[Round "7"]
[White "Skuhala, Luka"]
[Black "Patel, Advait"]
[Result "0-1"]
[BlackTitle "IM"]
[WhiteElo "2059"]
[BlackElo "2478"]
[WhiteTeam "Ljubljana Turtles"]
[BlackTeam "Montclair Sopranos"]
[WhiteFideId "14605678"]
[BlackFideId "2075105"]
[EventDate "2018.01.18"]

1. e4 e5 2. Nf3 Nc6 3. Bc4 Nf6 4. d3 Bc5 5. O-O d6 6. c3 O-O 7. Re1 a6 8. Bb3
Be6 9. Bc2 d5 10. exd5 Nxd5 11. Nbd2 Bg4 12. Ne4 Ba7 13. h3 Bh5 14. Ng3 Bg6 15.
Bg5 f6 16. Bd2 Qd7 17. Nh4 Bf7 18. Nhf5 Kh8 19. Qf3 Rad8 20. a3 Be6 21. Rad1 g6
22. Ne3 f5 23. Nxd5 Bxd5 24. Qe2 f4 25. Ne4 f3 26. gxf3 Qxh3 27. Be3 Bxe3 28.
Qxe3 Rxf3 29. Qg5 Rf4 30. f3 Qxf3 0-1

[Event "PRO League Group Stage"]
[Site "chess.com INT"]
[Date "2018.02.24"]
[Round "7"]
[White "Skuhala, Luka"]
[Black "Chu, Ruotong"]
[Result "0-1"]
[WhiteElo "2059"]
[BlackElo "2267"]
[WhiteTeam "Ljubljana Turtles"]
[BlackTeam "Chengdu Pandas"]
[WhiteFideId "14605678"]
[BlackFideId "8605653"]
[EventDate "2018.01.18"]

1. e4 e5 2. Nf3 Nf6 3. d4 Nxe4 4. Nxe5 d6 5. Nf3 d5 6. Bd3 Nc6 7. O-O Be7 8. a3
O-O 9. c4 Nf6 10. c5 Bg4 11. Be3 a5 12. b3 b6 13. cxb6 cxb6 14. Nc3 Rc8 15. Nb5
Ne4 16. Rc1 Bf6 17. h3 Bh5 18. Be2 Nd6 19. Nc3 Nf5 20. Nb5 Nxe3 21. fxe3 Qe7 22.
Rc3 Na7 23. Qc1 Rxc3 24. Qxc3 Nxb5 25. Bxb5 Qxa3 26. Ba4 Qe7 27. Kf2 Qe6 28. Qc6
Rc8 29. Qxe6 fxe6 30. Bd7 Rc2+ 31. Kg3 Bf7 32. Rb1 Rc7 33. Bb5 Rc3 34. Kf2 Bg6
35. Rb2 Bc2 36. Ba4 Bd3 37. Ne1 b5 38. Nxd3 bxa4 39. Nc5 axb3 40. Nxb3 Bg5 41.
Nxa5 Bxe3+ 42. Ke2 Bxd4 43. Rb8+ Kf7 44. Nb7 Be5 45. Ra8 Rc7 46. Na5 Rc2+ 47.
Kf3 Ra2 48. Ra7+ Kf6 49. Nc6 Rxa7 50. Nxa7 Bd4 51. Nc6 Bc5 52. Nb8 Bd6 53. Nd7+
Ke7 54. Nb6 Bc7 55. Na4 e5 56. Nb2 Ke6 57. Nd1 e4+ 58. Ke3 Ke5 59. Nb2 d4+ 60.
Ke2 d3+ 61. Kd2 Kd4 62. Nd1 Ba5+ 63. Kc1 e3 0-1

[Event "PRO League Group Stage"]
[Site "chess.com INT"]
[Date "2018.02.24"]
[Round "7"]
[White "Mikhalevski, Victor"]
[Black "Skoberne, Jure"]
[Result "0-1"]
[WhiteTitle "GM"]
[BlackTitle "GM"]
[WhiteElo "2538"]
[BlackElo "2553"]
[WhiteTeam "Seattle Sluggers"]
[BlackTeam "Ljubljana Turtles"]
[WhiteFideId "2801914"]
[BlackFideId "14604299"]
[EventDate "2018.01.18"]

1. Nf3 Nf6 2. g3 g6 3. Bg2 Bg7 4. d4 O-O 5. O-O d6 6. b3 a5 7. Bb2 a4 8. c4 c6
9. Nbd2 a3 10. Bc3 d5 11. Ne5 Nbd7 12. Nd3 Nb6 13. c5 Nbd7 14. e3 b6 15. cxb6
Ba6 16. Qc2 Qxb6 17. Rfc1 Rfc8 18. b4 Qb5 19. Bf1 Qb8 20. Rab1 Bb5 21. Qd1 Ra7
22. Nc5 e6 23. Ba1 Qa8 24. Bxb5 cxb5 25. Qf1 Rb8 26. Nf3 Nb6 27. Ne5 Nc4 28. Qe2
Ne8 29. Ned3 Ned6 30. Bc3 Re7 31. Qf1 Qc6 32. Qg2 Qe8 33. Rb3 Rd8 34. Rd1 Nc8
35. Ne5 N8b6 36. Ned3 f6 37. Rbb1 e5 38. dxe5 fxe5 39. e4 d4 40. Be1 Bh6 41. Qh3
Kg7 42. Qg4 Qf7 43. h4 Kh8 44. Kg2 Nd6 45. Bd2 Bxd2 46. Rxd2 Nbc4 47. Re2 Qf6
48. Rf1 Rf7 49. Kg1 Ne3 50. Qe6 Nxf1 51. Qxf6+ Rxf6 52. Kxf1 Nc4 53. Kg2 Rf7 54.
Kg1 Rf3 55. Kg2 Rdf8 56. Kg1 Kg8 57. Kg2 R8f7 58. Kg1 h6 59. Kg2 R7f6 60. Nd7
Rxd3 61. Nxf6+ Kf7 62. Nd7 Rc3 63. Re1 d3 64. Rd1 Ke7 65. Nc5 Nb2 0-1

[Event "PRO League Group Stage"]
[Site "chess.com INT"]
[Date "2018.02.24"]
[Round "7"]
[White "Mikhalevski, Victor"]
[Black "Ter-Sahakyan, Samvel"]
[Result "1/2-1/2"]
[WhiteTitle "GM"]
[BlackTitle "GM"]
[WhiteElo "2538"]
[BlackElo "2563"]
[WhiteTeam "Seattle Sluggers"]
[BlackTeam "Armenia Eagles"]
[WhiteFideId "2801914"]
[BlackFideId "13302531"]
[EventDate "2018.01.18"]

1. Nf3 d5 2. g3 g6 3. Bg2 Bg7 4. d4 Nf6 5. c4 dxc4 6. Na3 O-O 7. Nxc4 c5 8. O-O
Be6 9. Nfe5 cxd4 10. Bxb7 Bd5 11. Bxa8 Bxa8 12. e3 Qc8 13. exd4 Nd5 14. Bd2 f6
15. Rc1 fxe5 16. Nb6 Qb7 17. Nxa8 Nc6 18. Qb3 Qxb3 19. axb3 Nxd4 20. Nc7 Nxc7
21. Rxc7 Nf3+ 22. Kg2 Nxd2 23. Rd1 Nxb3 24. Rxe7 a5 25. Rdd7 Bf6 26. Rxh7 e4 27.
Rh6 Bd4 28. Rxg6+ Kh8 29. Rh6+ Kg8 30. Rg6+ Kh8 31. Rh6+ Kg8 32. Rg6+ 1/2-1/2

[Event "PRO League Group Stage"]
[Site "chess.com INT"]
[Date "2018.02.24"]
[Round "7"]
[White "Mikhalevski, Victor"]
[Black "Swapnil, S. Dhopade"]
[Result "1/2-1/2"]
[WhiteTitle "GM"]
[BlackTitle "GM"]
[WhiteElo "2538"]
[BlackElo "2533"]
[WhiteTeam "Seattle Sluggers"]
[BlackTeam "Mumbai Movers"]
[WhiteFideId "2801914"]
[BlackFideId "5019184"]
[EventDate "2018.01.18"]

1. d4 Nf6 2. Nf3 d5 3. c4 e6 4. g3 dxc4 5. Bg2 Bb4+ 6. Bd2 a5 7. Qc1 Bxd2+ 8.
Qxd2 Ne4 9. Qc2 Nd6 10. Ne5 O-O 11. O-O c6 12. a4 Na6 13. Na3 Nb4 14. Qc1 Qc7
15. Naxc4 Nxc4 16. Qxc4 Ra6 17. Rfc1 Rd8 18. e3 f6 19. Nf3 Kh8 20. Rd1 Ra7 21.
Rac1 b6 22. Ne1 Qd6 23. Bf3 Rc7 24. Qb3 Ba6 25. Nc2 Nd5 26. e4 Nb4 27. e5 Qe7
28. Nxb4 axb4 29. Rxc6 Rxc6 30. Bxc6 g6 31. Bf3 Kg7 32. Qe3 Bc4 33. Qf4 g5 34.
Qe3 h6 35. Rc1 Bd5 36. exf6+ Qxf6 37. Rc7+ Kg8 38. Be4 Rf8 39. f3 Rf7 40. Rxf7
Kxf7 41. Bxd5 exd5 42. Kg2 Qf5 43. b3 Qc2+ 44. Kh3 Qf5+ 45. g4 Qb1 46. Kg3 Qd1
47. f4 gxf4+ 48. Qxf4+ Kg7 49. Qe5+ Kg6 50. Qd6+ Kg7 51. Qd7+ Kg6 52. Qxd5 Qg1+
53. Qg2 Qxd4 54. Qc6+ Kg7 55. Qb7+ Kg6 56. Qf3 Qe5+ 57. Kh3 Qd4 58. Kh4 Qd8+ 59.
Kg3 Qd6+ 60. Kh3 Kg7 61. Qe4 Qc5 62. Qd3 Qc3 63. Qg3 Qd4 64. Qc7+ Kg6 65. Qc2+
Kg7 66. Qc7+ Kg6 67. Qg3 Qc3 68. Kg2 Qb2+ 69. Qf2 Qxb3 70. Qxb6+ Kg5 71. a5 Qc2+
72. Kf3 Qd1+ 73. Ke3 b3 74. Qb5+ Kxg4 75. a6 Qc1+ 76. Kd4 b2 77. a7 b1=Q 78.
Qxb1 Qxb1 79. a8=Q Qb2+ 80. Ke3 Qxh2 81. Qf3+ Kg5 82. Qd5+ Kh4 83. Qd8+ Kh3 84.
Qd7+ Kg2 85. Qd2+ Kh1 86. Qd1+ Qg1+ 87. Qxg1+ Kxg1 88. Kf3 Kh2 89. Kg4 Kg2 90.
Kh5 Kh3 91. Kxh6 1/2-1/2

[Event "PRO League Group Stage"]
[Site "chess.com INT"]
[Date "2018.02.24"]
[Round "7"]
[White "Le, Tuan Minh"]
[Black "Libiszewski, Fabien"]
[Result "1-0"]
[WhiteTitle "IM"]
[BlackTitle "GM"]
[WhiteElo "2485"]
[BlackElo "2530"]
[WhiteTeam "Pittsburgh Pawngrabbers"]
[BlackTeam "Cannes Blockbusters"]
[WhiteFideId "12401153"]
[BlackFideId "616834"]
[EventDate "2018.01.18"]

1. d4 Nf6 2. Nf3 g6 3. Bf4 Bg7 4. e3 O-O 5. h3 d6 6. c3 b6 7. Be2 Bb7 8. O-O c5
9. a4 a6 10. Nbd2 Nbd7 11. Re1 Qc7 12. Bf1 e5 13. dxe5 Nxe5 14. Nxe5 dxe5 15.
Bh2 Rfd8 16. Qc2 Ne8 17. Nc4 b5 18. axb5 axb5 19. Na3 Nd6 20. Red1 c4 21. b3 Qc5
22. Qb2 Bd5 23. bxc4 bxc4 24. Nc2 Nb5 25. Rxa8 Rxa8 26. Nb4 Be6 27. e4 Bh6 28.
Nd5 Bg7 29. Bg3 f5 30. Bh4 fxe4 31. Be7 Qc6 32. Qb4 Rc8 33. Nf6+ Kh8 34. Nxe4
Qxe4 35. Qxb5 Qc2 36. Rd6 Bg8 37. Rd7 Qxc3 38. Bb4 Qb3 39. Rxg7 Kxg7 40. Qxe5+ 1-0

[Event "PRO League Group Stage"]
[Site "chess.com INT"]
[Date "2018.02.24"]
[Round "7"]
[White "Le, Tuan Minh"]
[Black "Skoberne, Jure"]
[Result "1-0"]
[WhiteTitle "IM"]
[BlackTitle "GM"]
[WhiteElo "2485"]
[BlackElo "2553"]
[WhiteTeam "Pittsburgh Pawngrabbers"]
[BlackTeam "Ljubljana Turtles"]
[WhiteFideId "12401153"]
[BlackFideId "14604299"]
[EventDate "2018.01.18"]

1. d4 Nf6 2. c4 g6 3. Nc3 Bg7 4. e4 d6 5. f3 c6 6. Be3 a6 7. c5 b5 8. cxb6 Nbd7
9. Nge2 Nxb6 10. Ng3 h5 11. Bd3 h4 12. Nge2 a5 13. O-O Ba6 14. Bxa6 Rxa6 15. Qd3
Ra8 16. Rac1 Qb8 17. e5 Nfd5 18. e6 Nxe3 19. exf7+ Kxf7 20. Qxe3 Nc4 21. Qe4 Bf6
22. Nf4 Qg8 23. Nce2 d5 24. Nxd5 cxd5 25. Qxd5+ Kg7 26. Qxg8+ Rhxg8 27. Rxc4
Rgb8 28. Rb1 Rb4 29. b3 Rab8 30. Rbc1 e5 31. Rc7+ Kh6 32. R1c6 R8b6 33. d5 Bg5
34. Nc3 Be3+ 35. Kf1 Bd4 36. Ne4 R6b5 37. Nf6 Kg5 38. Rh7 Kf4 39. Ke2 a4 40.
Rxh4+ Kf5 41. Ne4 Rb6 42. Ng3+ Kg5 43. Rg4+ Kh6 44. Nf5+ Kh5 45. Nxd4 exd4 46.
Rxb6 Rxb6 47. Rxd4 axb3 48. axb3 Rxb3 49. d6 1-0

[Event "PRO League Group Stage"]
[Site "chess.com INT"]
[Date "2018.02.24"]
[Round "7"]
[White "Le, Tuan Minh"]
[Black "Ter-Sahakyan, Samvel"]
[Result "1/2-1/2"]
[WhiteTitle "IM"]
[BlackTitle "GM"]
[WhiteElo "2485"]
[BlackElo "2563"]
[WhiteTeam "Pittsburgh Pawngrabbers"]
[BlackTeam "Armenia Eagles"]
[WhiteFideId "12401153"]
[BlackFideId "13302531"]
[EventDate "2018.01.18"]

1. d4 d5 2. c4 c6 3. Nc3 Nf6 4. e3 a6 5. Nf3 Bf5 6. Be2 h6 7. Bd3 Bxd3 8. Qxd3
e6 9. O-O Bb4 10. Bd2 O-O 11. Rfd1 Ba5 12. Rac1 Nbd7 13. h3 Re8 14. Be1 Rc8 15.
Qe2 Nf8 16. a3 Ng6 17. b3 Bc7 18. Na4 Ne4 19. Nc5 Nxc5 20. dxc5 Qe7 21. b4 Ne5
22. Nxe5 Bxe5 23. Bc3 Bc7 24. Bb2 Rcd8 25. Rd2 dxc4 26. Rxd8 Rxd8 27. Rxc4 Rd5
28. e4 Rd7 29. Rd4 Rxd4 30. Bxd4 Qg5 31. Bb2 Be5 32. Bxe5 Qxe5 33. Qd3 g5 34. g3
Kg7 35. Kg2 h5 36. Qf3 Kg6 37. Qd3 g4 38. hxg4 hxg4 39. Qe2 Kg5 40. Qe3+ Kg6 41.
Qe2 Kg5 42. Qd3 Kg6 43. Qe3 Kh5 44. Qe2 f5 45. f3 gxf3+ 46. Kxf3 Qc3+ 47. Kf4+
Kg6 48. exf5+ exf5 49. Qe8+ Kg7 50. Qe7+ Kg8 51. Qe6+ Kg7 52. Qe7+ Kg8 53. Qd8+
Kg7 54. Qd7+ Kh6 55. Qd6+ Kg7 56. Qc7+ Kg6 57. Qd6+ Kg7 58. Qe7+ Kg8 1/2-1/2

[Event "PRO League Group Stage"]
[Site "chess.com INT"]
[Date "2018.02.24"]
[Round "7"]
[White "Le, Tuan Minh"]
[Black "Swapnil, S. Dhopade"]
[Result "0-1"]
[WhiteTitle "IM"]
[BlackTitle "GM"]
[WhiteElo "2485"]
[BlackElo "2533"]
[WhiteTeam "Pittsburgh Pawngrabbers"]
[BlackTeam "Mumbai Movers"]
[WhiteFideId "12401153"]
[BlackFideId "5019184"]
[EventDate "2018.01.18"]

1. Nf3 Nf6 2. d4 d5 3. Bf4 c5 4. c3 e6 5. e3 Nc6 6. Nbd2 Bd6 7. Bg3 O-O 8. Bb5
Be7 9. Bd3 Nh5 10. Qe2 g6 11. dxc5 Bxc5 12. O-O Nxg3 13. hxg3 Qc7 14. Rfd1 e5
15. Nb3 Bb6 16. e4 dxe4 17. Bxe4 Bg4 18. Rd2 Rfe8 19. Rad1 Re7 20. Qc4 Be6 21.
Qa4 Rc8 22. Ng5 Bg4 23. Re1 h5 24. Qc4 Kg7 25. Bd5 Nd8 26. Qb4 f6 27. Ne4 Nc6
28. Bxc6 bxc6 29. Qc4 Be6 30. Qe2 Rd8 31. Rxd8 Qxd8 32. Qf3 f5 33. Nec5 Bd5 34.
Qe3 Qd6 35. Rd1 f4 36. gxf4 exf4 37. Qd4+ Qf6 38. Qxf6+ Kxf6 39. Nd3 f3 40. g3
Bxb3 41. axb3 Re2 42. b4 Kf5 43. c4 Bd4 44. b5 cxb5 45. cxb5 Ke4 46. Kf1 g5 47.
b4 h4 48. gxh4 gxh4 49. Nc5+ Ke5 50. Nd7+ Ke4 51. Nc5+ Ke5 52. Nd7+ Kd5 53. Nf6+
Kc4 54. Ng4 h3 55. Kg1 h2+ 56. Nxh2 Bxf2+ 57. Kf1 Bb6 58. Ng4 Kxb5 59. Rd3 Re4
60. Nf6 Rf4 61. Nd5 Rf7 62. Rd2 Rd7 63. Nc3+ Kc6 64. b5+ Kc7 65. Rc2 Kb7 66. Rc1
Rh7 67. Ke1 Rh1+ 68. Kd2 Rxc1 69. Kxc1 f2 0-1

[Event "PRO League Group Stage"]
[Site "chess.com INT"]
[Date "2018.02.24"]
[Round "7"]
[White "Gurevich, Daniel"]
[Black "Admiraal, Miguoel"]
[Result "1-0"]
[WhiteTitle "IM"]
[BlackTitle "IM"]
[WhiteElo "2483"]
[BlackElo "2453"]
[WhiteTeam "Minnesota Blizzard"]
[BlackTeam "Amsterdam Mosquitoes"]
[WhiteFideId "2044676"]
[BlackFideId "1019716"]
[EventDate "2018.01.18"]

1. Nf3 d5 2. d4 Nf6 3. Bf4 c5 4. e3 Nc6 5. Nbd2 e6 6. c3 Bd6 7. Bg3 O-O 8. Bd3
b6 9. e4 Be7 10. e5 Nh5 11. Ng5 Bxg5 12. Qxh5 g6 13. Qe2 cxd4 14. h4 Bh6 15. h5
g5 16. Nf3 dxc3 17. bxc3 Ne7 18. Nh2 Nf5 19. Ng4 Kg7 20. O-O Bb7 21. Bh2 d4 22.
c4 Qc7 23. f4 gxf4 24. Nxh6 Nxh6 25. Bxf4 Qc6 26. Bxh6+ Kxh6 27. Qd2+ Kg7 28.
Qg5+ Kh8 29. Qf6+ Kg8 30. Rf3 1-0

[Event "PRO League Group Stage"]
[Site "chess.com INT"]
[Date "2018.02.24"]
[Round "7"]
[White "Gurevich, Daniel"]
[Black "Cooper, Lawrence H"]
[Result "1/2-1/2"]
[WhiteTitle "IM"]
[BlackTitle "IM"]
[WhiteElo "2483"]
[BlackElo "2347"]
[WhiteTeam "Minnesota Blizzard"]
[BlackTeam "London Lions"]
[WhiteFideId "2044676"]
[BlackFideId "401536"]
[EventDate "2018.01.18"]

1. Nf3 Nf6 2. c4 e6 3. d4 c5 4. d5 exd5 5. cxd5 Bd6 6. Nc3 O-O 7. e4 Re8 8. Bd3
c4 9. Bc2 Bb4 10. O-O Bxc3 11. bxc3 Nxe4 12. Qd4 Nf6 13. Bg5 d6 14. Rfe1 Nbd7
15. Rxe8+ Qxe8 16. Re1 Qf8 17. Qxc4 h6 18. Bh4 b6 19. Ba4 Bb7 20. Qc7 Nc5 21.
Bxf6 gxf6 22. Bc6 Rc8 23. Qe7 Bxc6 24. dxc6 Qxe7 25. Rxe7 Ne6 26. g3 Rxc6 27.
Rxa7 Rxc3 28. Nh4 Nd4 29. Ra4 Nf3+ 30. Nxf3 Rxf3 31. Ra6 b5 32. Rxd6 Kg7 33. Rb6
Ra3 34. Rxb5 Rxa2 35. Kg2 Ra3 36. h4 Kg6 37. Rc5 h5 38. f3 Ra2+ 39. Kh3 f5 40.
Rc6+ f6 41. Rc5 Rf2 42. f4 Ra2 1/2-1/2

[Event "PRO League Group Stage"]
[Site "chess.com INT"]
[Date "2018.02.24"]
[Round "7"]
[White "Gurevich, Daniel"]
[Black "Stokke, Kjetil"]
[Result "1-0"]
[WhiteTitle "IM"]
[BlackTitle "IM"]
[WhiteElo "2483"]
[BlackElo "2336"]
[WhiteTeam "Minnesota Blizzard"]
[BlackTeam "Oslo Trolls"]
[WhiteFideId "2044676"]
[BlackFideId "1502964"]
[EventDate "2018.01.18"]

1. Nf3 g6 2. e4 c5 3. d4 cxd4 4. Nxd4 Nc6 5. c4 Nf6 6. Nc3 d6 7. Be2 Nxd4 8.
Qxd4 Bg7 9. Bg5 O-O 10. Qe3 Be6 11. Rc1 Qb6 12. Qd2 Rfc8 13. b3 a6 14. O-O Qa5
15. f4 b5 16. f5 Bd7 17. e5 Ne8 18. Nd5 Qxd2 19. Bxd2 Kf8 20. fxg6 hxg6 21. Nb6
Be6 22. Nxc8 Bxc8 23. Bf3 Rb8 24. exd6 Nxd6 25. c5 Nf5 26. Rfd1 Bd4+ 27. Kf1 e5
28. c6 b4 29. Be4 a5 30. Ke2 Nd6 31. Bh6+ Ke7 32. Bd5 Ba6+ 33. Kf3 Rc8 34. Rxd4
exd4 35. Bg5+ Kf8 36. Re1 Nf5 37. g4 Ne3 38. Bxe3 dxe3 39. Kxe3 Bb5 40. Rc1 Ke7
41. Rc5 Bf1 42. Rxa5 f6 43. Kd4 Kd6 44. Ra7 Rd8 45. Rf7 Bg2 46. Bxg2 Ke6+ 47.
Rd7 1-0

[Event "PRO League Group Stage"]
[Site "chess.com INT"]
[Date "2018.02.24"]
[Round "7"]
[White "Gurevich, Daniel"]
[Black "Gonzalez, Francisco Silva"]
[Result "1-0"]
[WhiteTitle "IM"]
[WhiteElo "2483"]
[BlackElo "2076"]
[WhiteTeam "Minnesota Blizzard"]
[BlackTeam "Norway Gnomes"]
[WhiteFideId "2044676"]
[BlackFideId "1512285"]
[EventDate "2018.01.18"]

1. d4 Nf6 2. Nf3 d5 3. Bf4 c5 4. e3 Nc6 5. Nbd2 cxd4 6. exd4 Bf5 7. c3 Qb6 8.
Qb3 e6 9. Nh4 Bg6 10. Nxg6 hxg6 11. h3 Be7 12. Bd3 Nd7 13. Nf3 a6 14. O-O Qa7
15. a4 Na5 16. Qc2 Qb6 17. Bxg6 fxg6 18. Qxg6+ Kf8 19. Ne5 Nxe5 20. Bxe5 Rg8 21.
Rae1 Nc4 22. Re3 Nxe5 23. dxe5 Bf6 24. exf6 d4 25. Rf3 gxf6 26. Qxf6+ Ke8 27.
Qf7+ Kd8 28. Qxg8+ Kc7 29. Rf7+ Kd6 30. Qxa8 Qxb2 31. Qd8+ Ke5 32. Qxd4# 1-0

[Event "PRO League Group Stage"]
[Site "chess.com INT"]
[Date "2018.02.24"]
[Round "7"]
[White "Zhou, Yang-Fan"]
[Black "Dreev, Aleksey"]
[Result "0-1"]
[WhiteTitle "IM"]
[BlackTitle "GM"]
[WhiteElo "2449"]
[BlackElo "2653"]
[WhiteTeam "London Lions"]
[BlackTeam "San Diego Surfers"]
[WhiteFideId "468584"]
[BlackFideId "4100107"]
[EventDate "2018.01.18"]

1. e4 c6 2. d3 d5 3. Nd2 g6 4. f4 Bg7 5. g3 Nh6 6. Bg2 Ng4 7. Qe2 Qb6 8. Nb3
dxe4 9. dxe4 Be6 10. Nf3 Bc4 11. Qd2 Na6 12. h3 Rd8 13. hxg4 Rxd2 14. Bxd2 Nb4
15. Bxb4 Qe3+ 16. Kd1 Be2+ 0-1

[Event "PRO League Group Stage"]
[Site "chess.com INT"]
[Date "2018.02.24"]
[Round "7"]
[White "Zhou, Yang-Fan"]
[Black "Iturrizaga Bonelli, Eduardo"]
[Result "0-1"]
[WhiteTitle "IM"]
[BlackTitle "GM"]
[WhiteElo "2449"]
[BlackElo "2650"]
[WhiteTeam "London Lions"]
[BlackTeam "Miami Champions"]
[WhiteFideId "468584"]
[BlackFideId "3901211"]
[EventDate "2018.01.18"]

1. e4 c5 2. Nf3 g6 3. g3 Bg7 4. Bg2 Nc6 5. O-O d6 6. c3 e5 7. a3 Nge7 8. b4 O-O
9. b5 Na5 10. d4 exd4 11. cxd4 Bg4 12. Bb2 cxd4 13. Nbd2 Qb6 14. Rb1 d5 15. Qa4
dxe4 16. Nxe4 Bxf3 17. Bxf3 Rac8 18. Nd2 Nf5 19. Be4 Rc5 20. Bd3 Rd8 21. Rfe1
Qc7 22. Rbc1 b6 23. Bxf5 gxf5 24. Nf3 Nc4 25. Qb3 Nxb2 26. Qxb2 d3 27. Qd2 Rc2
28. Qg5 h6 29. Qf4 Qxf4 30. gxf4 Bb2 31. Rcd1 Bxa3 32. Re3 Bc5 33. Rdxd3 Rxd3
34. Rxd3 Rxf2 35. Ne5 Rxf4+ 36. Kg2 Re4 37. Nc6 Ra4 38. Rd8+ Kg7 39. Ra8 Kf6 40.
Kf3 Ra3+ 41. Ke2 f4 42. Rxa7 f3+ 0-1

[Event "PRO League Group Stage"]
[Site "chess.com INT"]
[Date "2018.02.24"]
[Round "7"]
[White "Zhou, Yang-Fan"]
[Black "Flores Rios, Mauricio"]
[Result "0-1"]
[WhiteTitle "IM"]
[BlackTitle "GM"]
[WhiteElo "2449"]
[BlackElo "2529"]
[WhiteTeam "London Lions"]
[BlackTeam "Minnesota Blizzard"]
[WhiteFideId "468584"]
[BlackFideId "3408027"]
[EventDate "2018.01.18"]

1. e4 c5 2. Nf3 e6 3. b3 b6 4. Bb2 Bb7 5. Qe2 d6 6. Nc3 Nd7 7. d4 cxd4 8. Nxd4
Ngf6 9. O-O-O a6 10. g4 h6 11. Bg2 g5 12. h4 Rg8 13. hxg5 hxg5 14. Nf5 Ne5 15.
Nd5 exd5 16. exd5 Nd7 17. Nd4 Qf6 18. Nc6 Bg7 19. Kb1 Kf8 20. Rh3 Re8 21. Re1
Rh8 22. Rf3 Qg6 23. Rf5 Kg8 24. Qd2 Bf6 25. Be4 Qg7 26. c4 Rh4 27. f3 Qh6 28.
Bc2 Rh2 29. Qe3 Rh1 30. a3 Rxe1+ 31. Qxe1 Kf8 32. Qd2 Kg7 33. Ka2 Rh8 34. Nd4
Qh2 35. Rxg5+ Kf8 36. Qc1 Nd3 37. Bxd3 Bxd4 38. Rf5 Bxb2 39. Qxb2 Qxb2+ 40. Kxb2
Ne5 41. Be4 Ke7 42. Rh5 Rxh5 43. gxh5 Bc8 44. h6 f5 45. h7 Nf7 46. Bd3 Kf6 47.
Kc3 Kg7 48. f4 Kxh7 49. b4 Kg7 50. Kd4 Kf6 51. c5 bxc5+ 52. bxc5 Ke7 53. c6 Kd8
54. a4 Kc7 55. a5 Nh6 56. Ke3 Ng4+ 57. Kf3 Nf6 58. Bc4 Kd8 59. Ke3 Kc7 60. Kf3
Ne4 61. Ke3 Kd8 62. Kd4 Ke7 63. Bd3 Nf6 64. Bc4 Kf7 65. Be2 Kg6 66. Bf3 Ng4 67.
Kd3 Kh5 68. Ke2 Kh4 69. Bxg4 Kxg4 70. Ke3 Kg3 71. c7 Kg4 0-1